[Event "Hradec Kralove Open 2022 - A FIDE Open"]
[Site "Cernigov hotel, Hradec Kralove"]
[Date "2022.11.05"]
[Round "1"]
[Board "1"]
[White "Jirasek, Pavel"]
[Black "Aird, Ian"]
[Result "1-0"]
[WhiteElo "2291"]
[BlackElo "1710"]
[PlyCount "47"]
[EventDate "2022.11.05"]
[EventRounds "9"]
[EventCountry "CZE"]

1. c4 e6 2. Nf3 d5 3. g3 Nf6 4. Bg2 dxc4 5. Qa4+ Bd7 6. Qxc4 c5 7. Ne5 Qc8 8. O-O
Nc6 9. Nxd7 Qxd7 10. d3 Be7 11. Be3 Nd4 12. Bxd4 cxd4 13. Nd2 Rc8 14. Qb3 b6 15.
Rfc1 O-O 16. Nf3 Bd6 17. Bh3 Be7 18. Rc4 Bc5 19. Rac1 Rcd8 20. a3 a5 21. Qc2 Qe7
22. b4 axb4 23. axb4 Bxb4 24. Nxd4  1-0

[Event "Hradec Kralove Open 2022 - A FIDE Open"]
[Site "Cernigov hotel, Hradec Kralove"]
[Date "2022.11.05"]
[Round "1"]
[Board "2"]
[White "Lavrincik, Pavel"]
[Black "Sykora, Marek"]
[Result "0-1"]
[WhiteElo "1688"]
[BlackElo "2251"]
[PlyCount "60"]
[EventDate "2022.11.05"]
[EventRounds "9"]
[EventCountry "CZE"]

1. c4 e5 2. Nc3 Nc6 3. e4 d6 4. g3 g6 5. Bg2 Bg7 6. Nge2 Be6 7. d3 Qd7 8. Nd5 O-O-O
9. b4 Bh3 10. Bxh3 Qxh3 11. b5 Nd4 12. Nxd4 exd4 13. Qa4 Kb8 14. Nxc7 Kxc7 15. Qxa7
Qc8 16. c5 Kd7 17. c6+ Ke6 18. cxb7 Qc3+ 19. Ke2 Qxa1 20. Bg5 Qb2+ 21. Kf3 Nf6 22.
e5 Qxb5 23. exf6 Qd5+ 24. Ke2 Bxf6 25. Bxf6 Kxf6 26. Rb1 Rhe8+ 27. Kd2 Qe5 28. b8=Q
Qe2+ 29. Kc1 Qe1+ 30. Kb2 Qc3#  0-1

[Event "Hradec Kralove Open 2022 - A FIDE Open"]
[Site "Cernigov hotel, Hradec Kralove"]
[Date "2022.11.05"]
[Round "1"]
[Board "3"]
[White "Mannion, Stephen R"]
[Black "Berka, Lubos"]
[Result "1-0"]
[WhiteElo "2227"]
[BlackElo "1684"]
[PlyCount "29"]
[EventDate "2022.11.05"]
[EventRounds "9"]
[EventCountry "CZE"]

1. e4 c6 2. d4 d5 3. e5 e6 4. Nf3 c5 5. c3 Nc6 6. Bd3 Nge7 7. O-O Ng6 8. g3 Be7 9.
h4 cxd4 10. cxd4 Nb4 11. Be2 Qc7 12. Nc3 b6 13. Be3 Ba6 14. Bxa6 Nxa6 15. Qa4+  1-0

[Event "Hradec Kralove Open 2022 - A FIDE Open"]
[Site "Cernigov hotel, Hradec Kralove"]
[Date "2022.11.05"]
[Round "1"]
[Board "4"]
[White "Valik, Ondrej"]
[Black "Arndt, Stefan"]
[Result "0-1"]
[WhiteElo "1675"]
[BlackElo "2176"]
[PlyCount "70"]
[EventDate "2022.11.05"]
[EventRounds "9"]
[EventCountry "CZE"]

1. c4 f5 2. d4 Nf6 3. Nf3 e6 4. a3 Be7 5. Nc3 d6 6. Qc2 O-O 7. Bf4 Qe8 8. Nb5 Bd8
9. h3 Bd7 10. e3 Bc6 11. Be2 Nbd7 12. O-O e5 13. dxe5 dxe5 14. Bh2 Be4 15. Qd1 h6
16. Nc3 Bc6 17. b4 b6 18. Qb3 Kh8 19. Rad1 g5 20. Ne1 g4 21. h4 Nh5 22. g3 e4 23.
Nd5 Ne5 24. Ng2 Ba4 25. Qc3 c6 26. Ndf4 Bf6 27. Qc1 Bxd1 28. Rxd1 Rd8 29. Rxd8 Bxd8
30. Nxh5 Qxh5 31. Nf4 Qf7 32. Kh1 Bf6 33. c5 b5 34. Bd1 Rd8 35. Ne2 Nd3  0-1

[Event "Hradec Kralove Open 2022 - A FIDE Open"]
[Site "Cernigov hotel, Hradec Kralove"]
[Date "2022.11.05"]
[Round "1"]
[Board "5"]
[White "Moser, Axel"]
[Black "Vochozka, Jindrich"]
[Result "1-0"]
[WhiteElo "2138"]
[BlackElo "1670"]
[PlyCount "81"]
[EventDate "2022.11.05"]
[EventRounds "9"]
[EventCountry "CZE"]

1. d4 d5 2. Nf3 Nf6 3. c4 e6 4. Nc3 c6 5. Bg5 Be7 6. e3 Nbd7 7. Qc2 b6 8. Bd3 dxc4
9. Bxc4 Bb7 10. Rd1 O-O 11. O-O h6 12. Bh4 Rc8 13. a3 b5 14. Be2 a5 15. Bxf6 Bxf6
16. Ne4 Qe7 17. Nxf6+ Qxf6 18. Qc3 Rfe8 19. Qxa5 Re7 20. Rd2 e5 21. dxe5 Nxe5 22.
Nxe5 Rxe5 23. Qb6 Ba8 24. Rfd1 Ree8 25. Bf3 Rb8 26. Qc7 Rbc8 27. Qa5 g6 28. h3 h5
29. Qa7 Red8 30. Qb6 Rxd2 31. Rxd2 Qe7 32. b4 Qf6 33. Rd4 Qe5 34. Rd8+ Rxd8 35. Qxd8+
Kg7 36. Qxa8 Qa1+ 37. Kh2 h4 38. Qd8 Qe5+ 39. Kg1 Qa1+ 40. Bd1 Qxa3 41. Qd4+  1-0

[Event "Hradec Kralove Open 2022 - A FIDE Open"]
[Site "Cernigov hotel, Hradec Kralove"]
[Date "2022.11.05"]
[Round "1"]
[Board "6"]
[White "Kocek, Martin"]
[Black "Dusbaba, Karel"]
[Result "0-1"]
[WhiteElo "1654"]
[BlackElo "2046"]
[PlyCount "66"]
[EventDate "2022.11.05"]
[EventRounds "9"]
[EventCountry "CZE"]

1. d4 e6 2. Nf3 d5 3. Bf4 Bd6 4. Bg3 f5 5. e3 Nf6 6. Nbd2 O-O 7. Bd3 Ne4 8. Qe2 c5
9. c3 Nc6 10. Ne5 Nxg3 11. hxg3 Bxe5 12. dxe5 Nxe5 13. Bc2 Qe8 14. O-O-O Bd7 15.
f3 Bb5 16. Qf2 Bd3 17. Nb3 Bxc2 18. Qxc2 b6 19. g4 Qg6 20. gxf5 Qxf5 21. e4 dxe4
22. fxe4 Qg5+ 23. Kb1 Ng4 24. Rd2 Rad8 25. Rxd8 Rxd8 26. Rd1 Rf8 27. Qe2 h5 28. Nd2
Rf2 29. Qd3 Rxg2 30. Qd7 Kh7 31. Qxe6 Rxd2 32. Rxd2 Qxd2 33. Qf5+ Kh6  0-1

[Event "Hradec Kralove Open 2022 - A FIDE Open"]
[Site "Cernigov hotel, Hradec Kralove"]
[Date "2022.11.05"]
[Round "1"]
[Board "7"]
[White "Gorkiewicz, Mateusz"]
[Black "Krasa, Marek"]
[Result "1-0"]
[WhiteElo "2028"]
[BlackElo "1651"]
[PlyCount "69"]
[EventDate "2022.11.05"]
[EventRounds "9"]
[EventCountry "CZE"]

1. e4 c5 2. Nf3 e6 3. d4 cxd4 4. Nxd4 Nf6 5. Nc3 Bb4 6. Bd3 a6 7. O-O O-O 8. e5 Nd5
9. Nxd5 exd5 10. Nf5 g6 11. Nh6+ Kh8 12. Qf3 Qe7 13. Qxd5 Nc6 14. f4 Qc5+ 15. Qxc5
Bxc5+ 16. Kh1 d5 17. exd6 Bxd6 18. f5 Ne5 19. Be4 f6 20. h3 g5 21. Rd1 Bc7 22. Ng4
Nxg4 23. hxg4 Re8 24. Bf3 Rb8 25. Bd2 h5 26. Bc3 Kg7 27. Re1 Bd7 28. Rad1 Rxe1+ 29.
Rxe1 Re8 30. Rxe8 Bxe8 31. gxh5 b5 32. g4 a5 33. Bd5 b4 34. Bd4 Bb5 35. Kg2  1-0

[Event "Hradec Kralove Open 2022 - A FIDE Open"]
[Site "Cernigov hotel, Hradec Kralove"]
[Date "2022.11.05"]
[Round "1"]
[Board "8"]
[White "Kolmas, Oldrich"]
[Black "Kraus, Ondrej"]
[Result "0-1"]
[WhiteElo "1646"]
[BlackElo "1992"]
[PlyCount "62"]
[EventDate "2022.11.05"]
[EventRounds "9"]
[EventCountry "CZE"]

1. e4 c5 2. Nf3 e6 3. Nc3 Nc6 4. Bb5 a6 5. Bxc6 bxc6 6. O-O Nf6 7. d4 cxd4 8. Qxd4
d5 9. Bg5 h6 10. Bxf6 Qxf6 11. Qe3 Be7 12. Rad1 O-O 13. e5 Qg6 14. Qd2 Rb8 15. Rb1
c5 16. Ne2 d4 17. c3 Bb7 18. Kh1 Be4 19. Rbc1 Bxf3 20. gxf3 Qh5 21. f4 Qf3+ 22. Kg1
d3 23. Ng3 g6 24. c4 Rfd8 25. b3 Rd4 26. Rcd1 Rbd8 27. Rfe1 h5 28. Qe3 Qg4 29. Kh1
d2 30. Rg1 Rd3 31. Nf1 Qxd1  0-1

[Event "Hradec Kralove Open 2022 - A FIDE Open"]
[Site "Cernigov hotel, Hradec Kralove"]
[Date "2022.11.05"]
[Round "1"]
[Board "9"]
[White "Valenta, Vit Vaclav"]
[Black "Hoerhold, Karola"]
[Result "1-0"]
[WhiteElo "1984"]
[BlackElo "1641"]
[PlyCount "27"]
[EventDate "2022.11.05"]
[EventRounds "9"]
[EventCountry "CZE"]

1. b4 e5 2. Bb2 e4 3. a3 Be7 4. Bxg7 Bf6 5. Bxh8 Bxh8 6. Nc3 d5 7. e3 Qg5 8. Nge2
Bg4 9. h3 Qh5 10. Rg1 Be6 11. Nf4 Qe5 12. Nxe6 fxe6 13. Qg4 Kd7 14. Qxg8  1-0

[Event "Hradec Kralove Open 2022 - A FIDE Open"]
[Site "Cernigov hotel, Hradec Kralove"]
[Date "2022.11.05"]
[Round "1"]
[Board "10"]
[White "Svoboda, Frantisek"]
[Black "Tesar, Jan"]
[Result "0-1"]
[WhiteElo "1616"]
[BlackElo "1977"]
[PlyCount "56"]
[EventDate "2022.11.05"]
[EventRounds "9"]
[EventCountry "CZE"]

1. Nf3 d5 2. c4 Nf6 3. e3 g6 4. Nc3 Bg7 5. d4 O-O 6. b3 c5 7. Bb2 Nc6 8. cxd5 Nxd5
9. Nxd5 Qxd5 10. Bc4 Qd8 11. O-O Bg4 12. h3 Bxf3 13. Qxf3 cxd4 14. Rad1 Qb6 15. exd4
Nxd4 16. Qe4 e5 17. Ba3 Rfd8 18. Qg4 Qf6 19. Qe4 Rab8 20. f4 Qh4 21. Bxf7+ Kh8 22.
Rd3 Nf5 23. Rxd8+ Rxd8 24. Qxb7 exf4 25. Bc5 Ng3 26. Bc4 Nxf1 27. Be7 Bd4+ 28. Kh1
Qf2  0-1

[Event "Hradec Kralove Open 2022 - A FIDE Open"]
[Site "Cernigov hotel, Hradec Kralove"]
[Date "2022.11.05"]
[Round "1"]
[Board "11"]
[White "Peglau, Charis"]
[Black "Navratilova, Alena"]
[Result "1-0"]
[WhiteElo "1974"]
[BlackElo "1613"]
[PlyCount "65"]
[EventDate "2022.11.05"]
[EventRounds "9"]
[EventCountry "CZE"]

1. d4 Nf6 2. c4 g6 3. f3 Bg7 4. e4 d6 5. Nc3 O-O 6. Bd3 Nbd7 7. Be3 e5 8. Nge2 exd4
9. Nxd4 Ne5 10. O-O Nxd3 11. Qxd3 Be6 12. Rad1 a6 13. a3 Qc8 14. Nxe6 Qxe6 15. b4
Rfc8 16. Rfe1 Ne8 17. Nd5 Nf6 18. Nf4 Qe8 19. Bd4 Nd7 20. Nd5 Bxd4+ 21. Qxd4 Qe5
22. Qxe5 Nxe5 23. Ne7+ Kf8 24. Nxc8 Nxc4 25. Nxd6 cxd6 26. a4 Ke7 27. b5 axb5 28.
axb5 Kd7 29. Rd4 Ne5 30. Red1 f6 31. Rxd6+ Ke7 32. f4 Nf7 33. Rd7+  1-0

[Event "Hradec Kralove Open 2022 - A FIDE Open"]
[Site "Cernigov hotel, Hradec Kralove"]
[Date "2022.11.05"]
[Round "1"]
[Board "15"]
[White "Antoniewicz, Jakub"]
[Black "Peglau, Paul David"]
[Result "1-0"]
[WhiteElo "1945"]
[BlackElo "1573"]
[PlyCount "45"]
[EventDate "2022.11.05"]
[EventRounds "9"]
[EventCountry "CZE"]

1. d4 d5 2. Nf3 Nf6 3. g3 g6 4. Bg2 Bg7 5. O-O O-O 6. c4 c6 7. b3 Bf5 8. Nc3 Ne4
9. Bb2 dxc4 10. bxc4 c5 11. e3 Nc6 12. Qe2 cxd4 13. exd4 Bxd4 14. Rad1 Qb6 15. Rxd4
Nxd4 16. Nxd4 Nxc3 17. Bxc3 e6 18. g4 Bb1 19. Nb3 Bxa2 20. Qxa2 Rfd8 21. Ba5 Qa6
22. Nc5 Qd6 23. Nxb7  1-0

[Event "Hradec Kralove Open 2022 - A FIDE Open"]
[Site "Cernigov hotel, Hradec Kralove"]
[Date "2022.11.05"]
[Round "1"]
[Board "19"]
[White "Kaser, Nicolas"]
[Black "Vorel, Bohuslav"]
[Result "1-0"]
[WhiteElo "1877"]
[BlackElo "1520"]
[PlyCount "43"]
[EventDate "2022.11.05"]
[EventRounds "9"]
[EventCountry "CZE"]

1. e4 c5 2. c3 d6 3. d4 cxd4 4. cxd4 Nf6 5. Nc3 g6 6. Nf3 Bg7 7. Bd3 O-O 8. h3 Nc6
9. Be3 a6 10. a4 Bd7 11. O-O Rc8 12. Qd2 Na5 13. Qe2 Qc7 14. e5 Ne8 15. Nd5 Qd8 16.
Bg5 f6 17. exf6 exf6 18. Bf4 Nc6 19. Rac1 Kf7 20. Rfe1 Nc7 21. Nxc7 Rxc7 22. Bc4+
 1-0

[Event "Hradec Kralove Open 2022 - A FIDE Open"]
[Site "Cernigov hotel, Hradec Kralove"]
[Date "2022.11.05"]
[Round "1"]
[Board "22"]
[White "Hetfleischova, Elen"]
[Black "Stankova, Radka"]
[Result "1/2-1/2"]
[WhiteElo "1434"]
[BlackElo "1833"]
[PlyCount "43"]
[EventDate "2022.11.05"]
[EventRounds "9"]
[EventCountry "CZE"]

1. e4 e6 2. d4 d5 3. exd5 exd5 4. Nf3 Nf6 5. Bf4 Bg4 6. Qe2+ Qe7 7. Qxe7+ Bxe7 8.
Bxc7 Bxf3 9. gxf3 Nc6 10. c3 Rc8 11. Bf4 O-O 12. Nd2 Nh5 13. Be3 f5 14. f4 Bd6 15.
Bg2 Ne7 16. O-O Bxf4 17. Rfe1 Rce8 18. c4 Bxe3 19. Rxe3 Nf4 20. Rae1 Nxg2 21. Kxg2
Kf7 22. cxd5  1/2-1/2

[Event "Hradec Kralove Open 2022 - A FIDE Open"]
[Site "Cernigov hotel, Hradec Kralove"]
[Date "2022.11.05"]
[Round "1"]
[Board "25"]
[White "Voriskova, Anna"]
[Black "Baraniuk, Andrej"]
[Result "1-0"]
[WhiteElo "1804"]
[BlackElo "1418"]
[PlyCount "171"]
[EventDate "2022.11.05"]
[EventRounds "9"]
[EventCountry "CZE"]

1. d4 d5 2. c4 e6 3. Nc3 Nf6 4. cxd5 exd5 5. Bg5 c6 6. e3 Bf5 7. Qf3 Bg6 8. Bxf6
Qxf6 9. Qxf6 gxf6 10. Nf3 Nd7 11. Be2 Bd6 12. Nh4 Kf8 13. O-O Re8 14. Bg4 Nb6 15.
Nf5 Bb8 16. Rfc1 Nc4 17. b3 Nd6 18. Nxd6 Bxd6 19. Bf3 Ba3 20. Na4 Bxc1 21. Rxc1 Re7
22. b4 Bd3 23. Nb2 Be4 24. Be2 a6 25. a4 Rg8 26. f3 Bf5 27. Kf2 Bd7 28. Nd3 Kg7 29.
Nf4 Kh6 30. Bd3 f5 31. h3 Rge8 32. Re1 b5 33. a5 Kg5 34. g4 fxg4 35. hxg4 h6 36.
Nh3+ Kf6 37. Nf4 Kg5 38. Ng2 f5 39. f4+ Kf6 40. Rh1 Rh8 41. Nh4 Re4 42. Nf3 fxg4
43. Bxe4 gxf3 44. Bxf3 Bf5 45. Rc1 Rc8 46. Rh1 Rh8 47. Rh4 Bg6 48. Bg4 Bf5 49. Kf3
Be4+ 50. Kg3 Bg6 51. Bd7 Be8 52. Bxe8 Rxe8 53. Rxh6+ Kf5 54. Rh5+ Kg6 55. Re5 Rc8
56. Kg4 Kf6 57. Rf5+ Kg6 58. Re5 Kf6 59. Rh5 Rg8+ 60. Kh4 Rg6 61. Rg5 Rh6+ 62. Kg4
Rh2 63. Rh5 Rg2+ 64. Kf3 Rc2 65. Rh8 Rc4 66. Ra8 Rxb4 67. Rxa6 Rc4 68. Rb6 Ke7 69.
a6 Kd6 70. Rb7 Ra4 71. a7 b4 72. f5 Ra1 73. f6 b3 74. f7 Ke6 75. Rb8 b2 76. a8=Q
Rxa8 77. Rxa8 b1=Q 78. f8=Q Qe4+ 79. Kg3 Qxe3+ 80. Qf3 Qg1+ 81. Kh3 Qxd4 82. Re8+
Kd6 83. Qf8+ Kc7 84. Qe7+ Kb6 85. Rb8+ Ka6 86. Qa3+  1-0

[Event "Hradec Kralove Open 2022 - A FIDE Open"]
[Site "Cernigov hotel, Hradec Kralove"]
[Date "2022.11.06"]
[Round "2"]
[Board "1"]
[White "Stary, Lukas"]
[Black "Jirasek, Pavel"]
[Result "0-1"]
[WhiteElo "1922"]
[BlackElo "2291"]
[PlyCount "86"]
[EventDate "2022.11.05"]
[EventRounds "9"]
[EventCountry "CZE"]

1. Nf3 Nf6 2. c4 e6 3. g3 b6 4. Bg2 Bb7 5. O-O Be7 6. Nc3 O-O 7. d4 Ne4 8. Nxe4 Bxe4
9. b3 d5 10. Bb2 dxc4 11. bxc4 c5 12. e3 Nc6 13. Ne1 Bxg2 14. Kxg2 cxd4 15. exd4
Na5 16. Rc1 Nxc4 17. Ba1 Rc8 18. Nd3 Qd5+ 19. Kg1 Rfd8 20. Qe2 b5 21. Rfd1 Bd6 22.
Qg4 h5 23. Qe2 g6 24. Ne5 Nxe5 25. dxe5 Rxc1 26. Rxc1 Ba3 27. Re1 Qd2 28. Kg2 Bb4
29. Qxd2 Rxd2 30. Rb1 Bc5 31. Rb2 Rxb2 32. Bxb2 g5 33. f3 g4 34. h3 gxh3+ 35. Kxh3
Kh7 36. Kh4 Kg6 37. g4 Bf2+ 38. Kh3 Be1 39. Bd4 a5 40. Bb2 b4 41. f4 Bc3 42. Bc1
hxg4+ 43. Kxg4 a4  0-1

[Event "Hradec Kralove Open 2022 - A FIDE Open"]
[Site "Cernigov hotel, Hradec Kralove"]
[Date "2022.11.06"]
[Round "2"]
[Board "2"]
[White "Sykora, Marek"]
[Black "Jiruse, Josef"]
[Result "1/2-1/2"]
[WhiteElo "2251"]
[BlackElo "1917"]
[PlyCount "133"]
[EventDate "2022.11.05"]
[EventRounds "9"]
[EventCountry "CZE"]

1. e4 c6 2. d4 g6 3. c4 Bg7 4. Nc3 d6 5. Be3 Nf6 6. f3 a6 7. Bd3 b5 8. cxb5 axb5
9. Nge2 b4 10. Na4 Ba6 11. b3 Nfd7 12. O-O O-O 13. Rc1 Bb5 14. Bxb5 cxb5 15. Nb2
Rxa2 16. Nd3 Na6 17. Rc2 Ra3 18. Qb1 Qb6 19. Bf2 Qa5 20. Rfc1 Ndc5 21. Rb2 Ne6 22.
Qc2 Qb6 23. Qc6 Qxc6 24. Rxc6 Ra1+ 25. Ndc1 Nac5 26. e5 Nd3 27. Rd2 Nxc1 28. Rxc1
Rxc1+ 29. Nxc1 dxe5 30. dxe5 Bxe5 31. Rd5 Bd6 32. Rxb5 Ra8 33. Be3 Ra1 34. Kf2 Rb1
35. Rd5 f6 36. g3 h5 37. Ke2 Kf7 38. Kd1 h4 39. Kc2 Ra1 40. Kb2 Ra8 41. Nd3 hxg3
42. hxg3 Rh8 43. g4 Rh2+ 44. Kb1 Re2 45. Bb6 g5 46. Rb5 Nc7 47. Bxc7 Bxc7 48. Rxb4
Re3 49. Kc2 Rxf3 50. Rc4 Bd6 51. b4 Ke6 52. b5 Rh3 53. Kc3 Kd5 54. Rd4+ Ke6 55. Re4+
Kd7 56. Kc4 Kc7 57. Nc5 Kb6 58. Nd7+ Kc7 59. Nc5 Rh1 60. Na4 Ra1 61. Kd5 Rb1 62.
Nc3 Rb4 63. Ke6 Rxe4+ 64. Nxe4 Bb4 65. Ng3 Kb6 66. Nf5 Kxb5 67. Nxe7  1/2-1/2

[Event "Hradec Kralove Open 2022 - A FIDE Open"]
[Site "Cernigov hotel, Hradec Kralove"]
[Date "2022.11.06"]
[Round "2"]
[Board "3"]
[White "Navratil, Jiri"]
[Black "Mannion, Stephen R"]
[Result "1/2-1/2"]
[WhiteElo "1891"]
[BlackElo "2227"]
[PlyCount "30"]
[EventDate "2022.11.05"]
[EventRounds "9"]
[EventCountry "CZE"]

1. d4 d5 2. Nf3 Nf6 3. Bf4 c5 4. c3 Nc6 5. e3 Qb6 6. Qb3 c4 7. Qxb6 axb6 8. Na3 Bf5
9. Nh4 e6 10. Nxf5 exf5 11. Nc2 Kd7 12. f3 b5 13. a3 Be7 14. Be2 Rhe8 15. Kf2 Rad8
 1/2-1/2

[Event "Hradec Kralove Open 2022 - A FIDE Open"]
[Site "Cernigov hotel, Hradec Kralove"]
[Date "2022.11.06"]
[Round "2"]
[Board "4"]
[White "Arndt, Stefan"]
[Black "Kaser, Nicolas"]
[Result "1-0"]
[WhiteElo "2176"]
[BlackElo "1877"]
[PlyCount "87"]
[EventDate "2022.11.05"]
[EventRounds "9"]
[EventCountry "CZE"]

1. d4 Nf6 2. Nf3 e6 3. c4 b6 4. e3 Bb7 5. Bd3 c5 6. O-O Nc6 7. b3 Be7 8. Bb2 d5 9.
Nbd2 O-O 10. Rc1 Rc8 11. Qe2 Re8 12. Rfd1 cxd4 13. exd4 Bf8 14. a3 Ne7 15. c5 Ng6
16. Bxg6 hxg6 17. b4 Nd7 18. Ne5 Nxe5 19. Qxe5 Be7 20. Qe2 Bg5 21. b5 Rc7 22. c6
Bc8 23. g3 Bxd2 24. Qxd2 f5 25. h4 f4 26. Qxf4 Rf8 27. Qe3 Qf6 28. f4 a5 29. a4 Rd8
30. Re1 Qf5 31. Qf3 Qf6 32. Re5 Kh7 33. Kg2 Rh8 34. Ba3 Kg8 35. Qe3 Rh5 36. Bd6 Rf7
37. Re1 Rxe5 38. dxe5 Qf5 39. Re2 Qb1 40. Qxb6 Qd1 41. Rf2 Qxa4 42. Qd8+ Kh7 43.
Qxc8 Qxb5 44. Qxe6  1-0

[Event "Hradec Kralove Open 2022 - A FIDE Open"]
[Site "Cernigov hotel, Hradec Kralove"]
[Date "2022.11.06"]
[Round "2"]
[Board "5"]
[White "Bruna, Matous"]
[Black "Moser, Axel"]
[Result "0-1"]
[WhiteElo "1846"]
[BlackElo "2138"]
[PlyCount "104"]
[EventDate "2022.11.05"]
[EventRounds "9"]
[EventCountry "CZE"]

1. e4 c5 2. d4 cxd4 3. c3 Nf6 4. e5 Nd5 5. cxd4 d6 6. f4 Nc6 7. Nf3 dxe5 8. fxe5
Bg4 9. Be2 e6 10. Qa4 Bxf3 11. Bxf3 Qh4+ 12. g3 Qxd4 13. Qxd4 Nxd4 14. Be4 Rc8 15.
Kd1 Rd8 16. Bd2 Nc6 17. Nc3 Nxc3+ 18. bxc3 Nxe5 19. Kc2 Rd7 20. Rab1 Nc4 21. Bc1
Na3+ 22. Bxa3 Bxa3 23. Rxb7 Rxb7 24. Bxb7 Ke7 25. Be4 f5 26. Bd3 Bc5 27. Re1 Kf6
28. Rb1 e5 29. Rf1 g6 30. h4 Ke7 31. Bc4 e4 32. h5 Kf6 33. Be2 Kg5 34. Rh1 Rd8 35.
Rh2 Be3 36. Bc4 Kf6 37. hxg6 hxg6 38. Re2 Bc5 39. g4 Kg5 40. gxf5 gxf5 41. Rd2 Rh8
42. Be6 Bb6 43. Rd5 Rh2+ 44. Kd1 Rf2 45. c4 e3 46. Bc8 Kf6 47. c5 Ba5 48. Ba6 f4
49. c6 Bb6 50. Bd3 f3 51. Bc4 e2+ 52. Bxe2 Rxe2  0-1

[Event "Hradec Kralove Open 2022 - A FIDE Open"]
[Site "Cernigov hotel, Hradec Kralove"]
[Date "2022.11.06"]
[Round "2"]
[Board "6"]
[White "Dusbaba, Karel"]
[Black "Novotny, Lubomir"]
[Result "1-0"]
[WhiteElo "2046"]
[BlackElo "1846"]
[PlyCount "95"]
[EventDate "2022.11.05"]
[EventRounds "9"]
[EventCountry "CZE"]

1. c4 b6 2. Nc3 Bb7 3. d4 Nf6 4. f3 d5 5. cxd5 Nxd5 6. e4 Nxc3 7. bxc3 e6 8. Be3
Be7 9. Bb5+ c6 10. Bd3 O-O 11. Ne2 c5 12. O-O Nc6 13. Bb5 Na5 14. Nc1 a6 15. Be2
Rc8 16. Nb3 cxd4 17. Nxa5 bxa5 18. cxd4 Bg5 19. Qd2 Bxe3+ 20. Qxe3 Qe7 21. Rab1 Rc7
22. Rfc1 h6 23. Rxc7 Qxc7 24. Qb3 Bc8 25. Qc4 Qf4 26. Qc1 Qd6 27. Qc5 Qf4 28. Qc3
Bd7 29. Bxa6 a4 30. Rb6 Kh7 31. g3 Qg5 32. Rd6 Be8 33. Kg2 h5 34. h4 Qe7 35. Qc5
g6 36. d5 exd5 37. Qxd5 Qc7 38. Be2 a3 39. f4 Ba4 40. Bc4 Rc8 41. Qxf7+ Qxf7 42.
Bxf7 Rc2+ 43. Kf3 Rc3+ 44. Kf2 Rc2+ 45. Ke3 Rc3+ 46. Rd3 Rc7 47. Rxa3 Bd1 48. Bd5
 1-0

[Event "Hradec Kralove Open 2022 - A FIDE Open"]
[Site "Cernigov hotel, Hradec Kralove"]
[Date "2022.11.06"]
[Round "2"]
[Board "7"]
[White "Nemec, Otakar"]
[Black "Gorkiewicz, Mateusz"]
[Result "0-1"]
[WhiteElo "1805"]
[BlackElo "2028"]
[PlyCount "90"]
[EventDate "2022.11.05"]
[EventRounds "9"]
[EventCountry "CZE"]

1. e4 e5 2. Nf3 Nc6 3. Bb5 a6 4. Ba4 Nge7 5. O-O g6 6. c3 Bg7 7. d3 O-O 8. Nbd2 d6
9. Bb3 Na5 10. Bc2 c5 11. Re1 Nac6 12. h3 b5 13. Nf1 h6 14. Be3 f5 15. a4 b4 16.
cxb4 Nxb4 17. Bb3+ Kh7 18. Qe2 Rb8 19. Bc4 f4 20. Bd2 g5 21. Bxb4 Rxb4 22. b3 Nc6
23. Bd5 Na5 24. N3d2 Bb7 25. Bc4 Nc6 26. Nh2 Qe8 27. Qd1 Bc8 28. Bd5 Ne7 29. Bc4
Qg6 30. f3 Nc6 31. Kf2 Nd4 32. Kg1 Rd8 33. Rb1 Bb7 34. Qc1 h5 35. Kf2 Bf6 36. Rh1
Rb8 37. Qc3 Bd8 38. Rb2 Ba5 39. Qc1 Bc8 40. Rb1 R4b6 41. Rd1 g4 42. hxg4 hxg4 43.
fxg4 Bxg4 44. Ndf3 Bxf3 45. Nxf3 Qg3+  0-1

[Event "Hradec Kralove Open 2022 - A FIDE Open"]
[Site "Cernigov hotel, Hradec Kralove"]
[Date "2022.11.06"]
[Round "2"]
[Board "8"]
[White "Kraus, Ondrej"]
[Black "Galant, Ireneusz"]
[Result "1-0"]
[WhiteElo "1992"]
[BlackElo "1820"]
[PlyCount "53"]
[EventDate "2022.11.05"]
[EventRounds "9"]
[EventCountry "CZE"]

1. d4 Nf6 2. Nf3 g6 3. c4 d6 4. Nc3 Bf5 5. Qb3 Qc8 6. h3 h5 7. g3 Bg7 8. Bg2 Nc6
9. d5 Nb8 10. Nd4 Bd7 11. Be3 a5 12. Ndb5 b6 13. Bd4 O-O 14. Qc2 c6 15. dxc6 Bxc6
16. e4 Nbd7 17. O-O Rb8 18. Na7 Qb7 19. Nxc6 Qxc6 20. e5 Qxc4 21. exf6 Qxd4 22. fxg7
Qxg7 23. Nd5 e6 24. Ne7+ Kh7 25. Qc7 Rfd8 26. Nc6 Rbc8 27. Qxd6  1-0

[Event "Hradec Kralove Open 2022 - A FIDE Open"]
[Site "Cernigov hotel, Hradec Kralove"]
[Date "2022.11.06"]
[Round "2"]
[Board "9"]
[White "Peglau, Dora"]
[Black "Valenta, Vit Vaclav"]
[Result "0-1"]
[WhiteElo "1798"]
[BlackElo "1984"]
[PlyCount "114"]
[EventDate "2022.11.05"]
[EventRounds "9"]
[EventCountry "CZE"]

1. d4 Nf6 2. Nf3 g6 3. Nbd2 d5 4. b4 Bg7 5. e3 O-O 6. Bb2 c6 7. c4 a5 8. a3 Bf5 9.
Be2 dxc4 10. Nxc4 axb4 11. axb4 Rxa1 12. Qxa1 Na6 13. Qa4 Nc7 14. Qb3 Be6 15. Qc2
Nfd5 16. Bc3 Nxc3 17. Qxc3 Nd5 18. Qb2 b5 19. Nce5 Qd6 20. Nd3 Ra8 21. Nc5 Nb6 22.
Qb1 Ba2 23. Qc2 Bd5 24. O-O Ra2 25. Qd1 Na4 26. Bd3 Nb2 27. Qb1 Nxd3 28. Nxd3 Ra3
29. Nc5 Bxf3 30. gxf3 Qd5 31. Qe4 e6 32. Rc1 Bf8 33. Kg2 Bd6 34. Qxd5 cxd5 35. f4
Kg7 36. Rc2 h6 37. Kf3 Ra1 38. Nd3 Rb1 39. Rc6 Bxb4 40. Ne5 Ba5 41. Ra6 Bc7 42. Ra7
Bxe5 43. fxe5 g5 44. Rb7 b4 45. h3 b3 46. Kg2 b2 47. Kh2 Kg6 48. Kg2 h5 49. f3 h4
50. Rb8 Re1 51. Rxb2 Rxe3 52. Kf2 Rd3 53. Rb4 Rd2+ 54. Kg1 Kf5 55. Rb7 Rxd4 56. Rxf7+
Kxe5 57. Kf2 Rd2+  0-1

[Event "Hradec Kralove Open 2022 - A FIDE Open"]
[Site "Cernigov hotel, Hradec Kralove"]
[Date "2022.11.06"]
[Round "2"]
[Board "10"]
[White "Tesar, Jan"]
[Black "Voriskova, Anna"]
[Result "1/2-1/2"]
[WhiteElo "1977"]
[BlackElo "1804"]
[PlyCount "100"]
[EventDate "2022.11.05"]
[EventRounds "9"]
[EventCountry "CZE"]

1. d4 Nf6 2. Nc3 d5 3. Bg5 c6 4. Bxf6 exf6 5. e3 Bd6 6. Bd3 Qc7 7. Nge2 Bg4 8. Qd2
O-O 9. O-O-O Qa5 10. f3 Bh5 11. g4 Bg6 12. Bxg6 fxg6 13. Qd3 b5 14. a3 Na6 15. Nb1
b4 16. c4 bxa3 17. bxa3 dxc4 18. Qxc4+ Kh8 19. Rd3 Rab8 20. Qc3 Qb6 21. Nd2 c5 22.
d5 c4 23. Nxc4 Qb1+ 24. Kd2 Qxh1 25. Nxd6 Qxh2 26. f4 Nc5 27. Qxc5 Rb2+ 28. Kc3 Qxe2
29. Kd4 Rd2 30. Rxd2 Qxd2+ 31. Ke4 Qg2+ 32. Kd4 Qb2+ 33. Ke4 f5+ 34. gxf5 gxf5+ 35.
Kf3 Qf6 36. Nc4 Qf7 37. Ne5 Qh5+ 38. Kg3 Re8 39. d6 g5 40. d7 gxf4+ 41. Kxf4 Qh6+
42. Kf3 Qh5+ 43. Kf2 Qh2+ 44. Ke1 Qg3+ 45. Ke2 Qg2+ 46. Kd3 Qf1+ 47. Kd4 Qd1+ 48.
Kc4 Qc2+ 49. Kd4 Qd1+ 50. Kc4 Qc2+  1/2-1/2